"We Are the World" solo musicians (2010) - Statistics

General Stats
  • This quiz has been taken 87 times
  • The average score is 12 of 28
Answer Stats
Famous Song Singer % Correct
My Heart Will Go On Celine Dion
88%
Baby Justin Bieber
88%
Party in the USA Miley Cyrus
84%
Big Girls Don't Cry Fergie
76%
She Will Be Loved (Maroon 5) Adam Levine
71%
Burnin' Up (Jonas Brothers) Nick Jonas
69%
Don't Lie (Black Eyed Peas) Will.i.Am
68%
Man in the Mirror (in memoriam) Michael Jackson
66%
Raise Your Glass Pink
64%
Yeah! Usher
61%
Don't Cha (The Pussycat Dolls) Nicole Scherzinger
55%
Hero Enrique Iglesias
46%
You Raise Me Up (Secret Garden cover) Josh Groban
38%
Blame It Jamie Foxx
35%
Nasty Janet Jackson
35%
Mirror Lil' Wayne
34%
Family Affair Mary J. Blige
34%
Good Life Kanye West
30%
Sweetest Girl Wyclef Jean
29%
Woman in Love Barbra Streisand
28%
If This Isn't Love Jennifer Hudson
26%
Can't Believe It T-Pain
25%
Shackles Mary Mary
24%
Spanish Guitar Toni Braxton
18%
In San Francisco Tony Bennett
18%
Unlove You Jennifer Nettles
14%
How to Save a Life (The Fray Isaac Slade
11%
I Found Love BeBe Winans
10%
No matching quizzes found
Score Distribution
Percent of People with Each Score
Percentile by Number Answered
Your Score History
You have not taken this quiz